Регионална библиотека "Любен Каравелов" - Русе

През мигли (Запис номер 148247)

MARC детайли
000 -Лидер
Контролно поле с фиксирана дължина nam a22 a 4500
003 - Код на организацията, давaща контролен номер
Контролно поле BLK
005 - Дата и час на последна редакция
Контролно поле 20230202135956.0
008 - Елементи от данни с фиксирана дължина
fixed length control field 180410b bul|||||r ||||||| ||bul||
010 ## - Наследен системен номер
LC control number KNG00154469000
020 ## - Международен стандартен номер на книга ISBN
Международен стандартен номер на книга ISBN 954-8060-07-8
040 ## - Източник на каталожния запис
Идентификатор на билиотеката - собственик на записа BLK
041 ## - Код за език
Код за езика на текст/звукозапис или на отделно заглавие Български
Код за езика КДБФ Български
080 ## - УДК
Текстов определител УДК Румънска литература
УДК код - определител по УДК 821.135.1
УДК определител -93-34
УДК - код + определител 821.135.1-93-34
100 1# - Редна дума - Автор
Автор Садовяну, Михаил
Авторска отговорност първи автор
R(LIN) 118425
139 ## - Редно поле
Редна дума Садовяну, Михаил
Авторски знак Сав - С 13
245 10 - Сведения за заглавието
Заглавие През мигли
Подзаглавни данни Приказки и разкази за деца и юноши
Редно поле (дума) Михаил Садовяну; прев. от рум. Михаела Пенева; прев. от рум. Саркис Мъгъшиян.
257 ## - Страна на издаване
Страна на създаване/издаване Румъния
260 ## - Област на издателските данни
Място на издаване, разпространение и проч. Шумен
Име на издателя, разпространителя и проч. ЕТД Шуменско пиво
-- Славчо Николов и сие
Година на издаване 1991
Печатница София : Д. Блогоев
300 ## - Физическа характеристика
Страници 80 с.
Размери/Мащаб 20 см
380 ## - Жанр
Жанр Детска худож. лит.
500 ## - Общи забележки
Забележка Без сведение за ориг. загл. - 5 000 тир.
700 1# - Други автори (авторска отговорност)
Лично име Пенева, Михаела
Автороска отговорност (Описва отношението между автора и произведението) прев. от рум.
9 (RLIN) 329926
700 1# - Други автори (авторска отговорност)
Лично име Мъгъшиян, Саркис
Автороска отговорност (Описва отношението между автора и произведението) прев. от рум.
9 (RLIN) 99887
852 ## - Местоположение
Форматна сигнатура Цб 265730
856 4# - Електронен адрес и достъп
Електронен формат pdf - файл
Инструкция (цена за достъп) 7.50
Права за достъп disable
856 4# - Електронен адрес и достъп
Електронен формат pdf - файл
Инструкция (цена за достъп) 7.50
Права за достъп disable
999 ## - СИСТЕМНИ КОНТРОЛНИ НОМЕРА
Koha biblionumber 148247
Koha biblioitemnumber 148247
942 ## - АРТИКУЛИ
Вид на библиотечния материал Книги
Скрит в OPAC Не
Периодичен библиозапис Да
944 ## - СЪЗДАВАНЕ И РЕДАКЦИЯ на ЗАПИСА
Създаване/Редакция Създаване
Дата на регистрацията/редакция 06.12.2013
Статус, дата на статуса 06.12.2013 - от С1,Р / 06.12.2013
Служител, извършил регистрацията/редакцията Митко_Георгиев
944 ## - СЪЗДАВАНЕ И РЕДАКЦИЯ на ЗАПИСА
Създаване/Редакция Редакция
Дата на регистрацията/редакция 06.12.2013
Статус, дата на статуса 06.12.2013 - от С1,Р / 06.12.2013
999 ## - СИСТЕМНИ КОНТРОЛНИ НОМЕРА
Koha biblioitemnumber 148247
Наличности
Код за отписване Код за изгубен артикул Източник на класификационната схема Код за повреда Коз за рестрикции Код за отдаване Артикулен № Име на библиотеката - собственик Име на библиотеката, в която се намира в момента Статус (Текущо местоположение) Дата на вписване в системата Местоположение - отдел Цена в лева Инвентарен номер Систематично азбучна сигнатура Баркод Номер на екземпляра Цена в евро Служебна бележка Служебен тип на артикула Бележка за публиката
  Не е изгубен Universal Decimal Classification Не е повреден без рестрикции ползва се в читалня 246465 Регионална библиотека "Любен Каравелов" Русе Регионална библиотека "Любен Каравелов" Русе Хранилище 1991-01-01 Хранилище 7.50 561876 Цб 265730 120000561876 1 3.83 N: стар фонд Дата: 01.01.1991 Книги  
Изтеглен Не е изгубен Universal Decimal Classification Не е повреден без рестрикции заемане за дома 246466 Регионална библиотека "Любен Каравелов" Русе Регионална библиотека "Любен Каравелов" Русе Детски отдел 1991-01-01 Детски отдел 7.50 566431 ДХ 820/899/С 13 566431 2 3.83 N: стар фонд Дата: 01.01.1991 Дата инв: 17.09.2015 Бележки инв: Д2015 Книги  
Изтеглен Не е изгубен Universal Decimal Classification Не е повреден без рестрикции заемане за дома 246467 Регионална библиотека "Любен Каравелов" Русе Регионална библиотека "Любен Каравелов" Русе Детски отдел 1991-01-01 Детски отдел 7.50 566432 ДХ 820/899/С 13 566432 3 3.83 N: стар фонд Дата: 01.01.1991 Дата инв: 24.09.2015 Бележки инв: Д2015 Книги  
Изтеглен Не е изгубен   Не е повреден без рестрикции заемане за дома 246468 Регионална библиотека "Любен Каравелов" Русе Регионална библиотека "Любен Каравелов" Русе   1991-01-01 Детски отдел 7.50 566433 ДХ 820/899/С 13 566433 4 3.83 N: стар фонд Дата: 01.01.1991 Дата инв: 24.09.2015 Бележки инв: Д2015 Книги Отч.N: 47/2017 , Дата: 05.10.2017
Vip Innovations Ltd, Rousse, Bulgaria 2025